00508nam a22001577a 450000500170000001000130001702000240003003500130005403700300006708200100009724500760010726000470018327000860023030000210031670000130033720180718171254.0 aB-164279 a817305181-Xc690.00 aB-164279 bAryan Books International a230.1 aSri Krishana Lila:bthe complete life of bhagavan shi krishnacVanamali aNew DelhibAryan Books Internationalc2006 apooja Apartments, 4B, Ansari Road, Daryaganj, New Delhi-110002bNew Delhie110002 a414p.c23cm(hbk) aVanamali